[Event "European Individual Chess Championship 2017"]
[Site "?"]
[Date "2017.06.07"]
[Round "8.86"]
[White "Steinberg, Nitzan"]
[Black "Maliush, Andrei"]
[Result "1-0"]
[BlackElo "2286"]
[WhiteElo "2532"]
[LiveChessVersion "1.4.8"]

1. e4 {[%clk 1:30:49]} d6 {[%clk 1:30:55]} 2. d4 {[%clk 1:31:11]} Nf6
{[%clk 1:31:21]} 3. Nc3 {[%clk 1:31:34]} e5 {[%clk 1:31:44]} 4. Nf3
{[%clk 1:31:48]} Nbd7 {[%clk 1:32:09]} 5. Bc4 {[%clk 1:32:09]} Be7
{[%clk 1:32:37]} 6. a4 {[%clk 1:32:27]} O-O {[%clk 1:32:51]} 7. O-O
{[%clk 1:32:49]} c6 {[%clk 1:33:03]} 8. h3 {[%clk 1:32:25]} exd4 {[%clk 1:31:57]}
9. Qxd4 {[%clk 1:28:15]} Qb6 {[%clk 1:26:38]} 10. Be3 {[%clk 1:16:40]} Qxd4
{[%clk 1:25:20]} 11. Bxd4 {[%clk 1:12:51]} b6 {[%clk 1:22:54]} 12. Rfe1
{[%clk 1:08:48]} Bb7 {[%clk 1:20:55]} 13. Rad1 {[%clk 1:02:09]} Rad8
{[%clk 1:10:31]} 14. Ba2 {[%clk 0:54:10]} Ne8 {[%clk 1:08:51]} 15. Be3
{[%clk 0:49:58]} Ne5 {[%clk 1:07:34]} 16. Nxe5 {[%clk 0:40:03]} dxe5
{[%clk 1:08:03]} 17. Rxd8 {[%clk 0:40:13]} Bxd8 {[%clk 1:08:30]} 18. Rd1
{[%clk 0:40:13]} Nf6 {[%clk 0:58:53]} 19. Bg5 {[%clk 0:38:50]} a5
{[%clk 0:58:34]} 20. Bc4 {[%clk 0:35:06]} h6 {[%clk 0:56:49]} 21. Bxf6
{[%clk 0:34:09]} gxf6 {[%clk 0:55:39]} 22. Rd7 {[%clk 0:30:36]} Bc8
{[%clk 0:56:04]} 23. Rd6 {[%clk 0:30:45]} Bb7 {[%clk 0:56:33]} 24. Kh2
{[%clk 0:28:46]} Kg7 {[%clk 0:56:51]} 25. f3 {[%clk 0:27:57]} h5 {[%clk 0:56:22]}
26. g3 {[%clk 0:25:17]} c5 {[%clk 0:51:57]} 27. g4 {[%clk 0:21:28]} hxg4
{[%clk 0:50:30]} 28. hxg4 {[%clk 0:21:37]} Bc8 {[%clk 0:49:50]} 29. Kg2
{[%clk 0:20:39]} Re8 {[%clk 0:47:36]} 30. Bb5 {[%clk 0:20:10]} Rh8
{[%clk 0:46:43]} 31. Nd5 {[%clk 0:13:30]} Be6 {[%clk 0:46:58]} 32. c4
{[%clk 0:08:26]} f5 {[%clk 0:45:22]} 33. gxf5 {[%clk 0:05:37]} Bxd5
{[%clk 0:45:50]} 34. cxd5 {[%clk 0:05:19]} Bg5 {[%clk 0:46:17]} 35. Rxb6
{[%clk 0:03:27]} Bf4 {[%clk 0:46:42]} 36. Bc4 {[%clk 0:03:14]} Rh2+
{[%clk 0:45:44]} 37. Kg1 {[%clk 0:03:36]} Rd2 {[%clk 0:43:22]} 38. Kf1
{[%clk 0:02:33]} Bg3 {[%clk 0:42:14]} 39. d6 {[%clk 0:01:27]} Kf6
{[%clk 0:40:39]} 40. d7+ {[%clk 0:30:40]} Ke7 {[%clk 1:10:35]} 41. Bb5
{[%clk 0:30:24]} Bh4 {[%clk 1:10:17]} 42. Rb8 {[%clk 0:30:28]} 1-0

[Event "European Individual Chess Championship 2017"]
[Site "?"]
[Date "2017.06.07"]
[Round "8.87"]
[White "Ladva, Ottomar"]
[Black "Assaubayeva, Bibisara"]
[Result "1-0"]
[BlackElo "2224"]
[WhiteElo "2530"]
[LiveChessVersion "1.4.8"]

1. Nf3 {[%clk 1:30:57]} Nf6 {[%clk 1:30:48]} 2. g3 {[%clk 1:30:33]} g6
{[%clk 1:30:55]} 3. Bg2 {[%clk 1:30:31]} Bg7 {[%clk 1:31:12]} 4. d4
{[%clk 1:30:46]} O-O {[%clk 1:31:00]} 5. O-O {[%clk 1:31:12]} d6 {[%clk 1:31:20]}
6. b3 {[%clk 1:31:15]} c5 {[%clk 1:26:48]} 7. c4 {[%clk 1:31:35]} Nc6
{[%clk 1:26:16]} 8. Bb2 {[%clk 1:32:00]} cxd4 {[%clk 1:20:49]} 9. Nxd4
{[%clk 1:32:27]} Qb6 {[%clk 1:20:17]} 10. Nc2 {[%clk 1:20:38]} a5
{[%clk 1:14:19]} 11. Nc3 {[%clk 1:17:02]} a4 {[%clk 1:08:45]} 12. Nb5
{[%clk 1:06:48]} Bd7 {[%clk 1:02:46]} 13. Ne3 {[%clk 0:57:53]} Ne5
{[%clk 0:54:34]} 14. Bd4 {[%clk 0:55:12]} Qa5 {[%clk 0:54:47]} 15. Bxb7
{[%clk 0:44:59]} Rab8 {[%clk 0:55:05]} 16. Bc3 {[%clk 0:40:07]} Qb6
{[%clk 0:54:41]} 17. Bg2 {[%clk 0:40:12]} Bxb5 {[%clk 0:53:31]} 18. cxb5
{[%clk 0:40:13]} Qxb5 {[%clk 0:52:23]} 19. bxa4 {[%clk 0:40:37]} Qa6
{[%clk 0:51:23]} 20. a5 {[%clk 0:38:45]} Nfd7 {[%clk 0:46:03]} 21. Rc1
{[%clk 0:31:19]} Nc5 {[%clk 0:42:58]} 22. Nd5 {[%clk 0:11:17]} Nc6
{[%clk 0:40:09]} 23. Qd2 {[%clk 0:08:30]} Bxc3 {[%clk 0:33:35]} 24. Qxc3
{[%clk 0:08:58]} Qa7 {[%clk 0:25:29]} 25. Nf6+ {[%clk 0:07:50]} exf6
{[%clk 0:25:57]} 26. Bxc6 {[%clk 0:08:14]} Qa6 {[%clk 0:26:19]} 27. Bf3
{[%clk 0:06:57]} Rb5 {[%clk 0:23:44]} 28. Qxf6 {[%clk 0:06:24]} Rxa5
{[%clk 0:24:13]} 29. Rfd1 {[%clk 0:05:43]} Rxa2 {[%clk 0:21:56]} 30. Rxd6
{[%clk 0:04:52]} Qa7 {[%clk 0:20:11]} 31. Bd5 {[%clk 0:02:48]} Ra5
{[%clk 0:15:24]} 32. h4 {[%clk 0:02:38]} Nd7 {[%clk 0:13:27]} 33. Qe7
{[%clk 0:02:10]} Ra1 {[%clk 0:12:39]} 34. Rxa1 {[%clk 0:02:38]} Qxa1+
{[%clk 0:13:07]} 35. Kg2 {[%clk 0:03:02]} Ne5 {[%clk 0:11:19]} 36. Qf6
{[%clk 0:03:28]} Qb2 {[%clk 0:11:09]} 37. Bxf7+ {[%clk 0:03:27]} Rxf7
{[%clk 0:11:29]} 38. Rd8+ {[%clk 0:03:51]} 1-0

[Event "European Individual Chess Championship 2017"]
[Site "?"]
[Date "2017.06.07"]
[Round "8.88"]
[White "Bernadskiy, Vitaliy"]
[Black "Kanakova, Natalie"]
[Result "1-0"]
[BlackElo "2131"]
[WhiteElo "2529"]
[LiveChessVersion "1.4.8"]

1. b3 {[%clk 1:30:58]} d5 {[%clk 1:30:39]} 2. Bb2 {[%clk 1:31:24]} Bg4
{[%clk 1:30:52]} 3. f3 {[%clk 1:31:40]} Bh5 {[%clk 1:30:57]} 4. e3
{[%clk 1:31:59]} e6 {[%clk 1:27:46]} 5. Ne2 {[%clk 1:29:35]} Nf6 {[%clk 1:25:48]}
6. d4 {[%clk 1:27:54]} Bd6 {[%clk 1:24:38]} 7. Nbc3 {[%clk 1:27:08]} Nbd7
{[%clk 1:19:47]} 8. Qd2 {[%clk 1:26:19]} Bg6 {[%clk 1:17:09]} 9. O-O-O
{[%clk 1:25:16]} c6 {[%clk 1:13:05]} 10. g4 {[%clk 1:21:18]} h6 {[%clk 1:08:16]}
11. Nf4 {[%clk 1:20:42]} Bh7 {[%clk 1:07:19]} 12. h4 {[%clk 1:17:49]} Qc7
{[%clk 0:58:52]} 13. g5 {[%clk 1:13:56]} Ng8 {[%clk 0:56:29]} 14. Nh5
{[%clk 1:07:24]} Bf8 {[%clk 0:49:26]} 15. e4 {[%clk 1:04:51]} O-O-O
{[%clk 0:44:27]} 16. Bd3 {[%clk 1:04:34]} Ne7 {[%clk 0:41:52]} 17. Kb1
{[%clk 1:03:11]} e5 {[%clk 0:29:22]} 18. gxh6 {[%clk 0:59:56]} gxh6
{[%clk 0:27:56]} 19. exd5 {[%clk 1:00:08]} Bg6 {[%clk 0:23:32]} 20. dxc6
{[%clk 0:59:01]} Nxc6 {[%clk 0:23:06]} 21. Nb5 {[%clk 0:55:41]} Qb6
{[%clk 0:21:58]} 22. Ng3 {[%clk 0:53:43]} Bb4 {[%clk 0:14:07]} 23. Qe2
{[%clk 0:51:37]} Nxd4 {[%clk 0:10:04]} 24. Nxd4 {[%clk 0:50:59]} exd4
{[%clk 0:09:14]} 25. Bxg6 {[%clk 0:51:10]} Qxg6 {[%clk 0:09:01]} 26. Qc4+
{[%clk 0:50:46]} Bc5 {[%clk 0:07:17]} 27. Ne4 {[%clk 0:50:41]} b6
{[%clk 0:05:07]} 28. Bxd4 {[%clk 0:50:39]} Rhe8 {[%clk 0:02:37]} 29. b4
{[%clk 0:50:49]} f5 {[%clk 0:01:05]} 30. bxc5 {[%clk 0:49:53]} fxe4
{[%clk 0:01:16]} 31. cxb6+ {[%clk 0:50:04]} 1-0

[Event "European Individual Chess Championship 2017"]
[Site "?"]
[Date "2017.06.07"]
[Round "8.89"]
[White "Korobov, Anton"]
[Black "Reshef, Omer"]
[Result "1-0"]
[BlackElo "2459"]
[WhiteElo "2688"]
[LiveChessVersion "1.4.8"]

1. d4 {[%clk 1:30:56]} d5 {[%clk 1:30:55]} 2. Bf4 {[%clk 1:31:21]} Nf6
{[%clk 1:31:01]} 3. e3 {[%clk 1:31:38]} c5 {[%clk 1:27:43]} 4. Nf3
{[%clk 1:31:20]} Nc6 {[%clk 1:27:40]} 5. c3 {[%clk 1:31:24]} e6 {[%clk 1:27:25]}
6. Nbd2 {[%clk 1:31:45]} Bd6 {[%clk 1:23:48]} 7. Bg3 {[%clk 1:31:33]} O-O
{[%clk 1:21:47]} 8. Bd3 {[%clk 1:31:56]} Qe7 {[%clk 1:16:11]} 9. Ne5
{[%clk 1:32:01]} Bxe5 {[%clk 1:10:58]} 10. dxe5 {[%clk 1:31:52]} Nd7
{[%clk 1:11:21]} 11. f4 {[%clk 1:31:27]} f6 {[%clk 1:06:43]} 12. Nf3
{[%clk 1:28:52]} f5 {[%clk 0:56:54]} 13. Bh4 {[%clk 1:26:05]} Qe8
{[%clk 0:57:18]} 14. Rg1 {[%clk 1:26:11]} c4 {[%clk 0:57:21]} 15. Bc2
{[%clk 1:26:21]} Nc5 {[%clk 0:54:50]} 16. g4 {[%clk 1:22:51]} Ne4
{[%clk 0:52:51]} 17. gxf5 {[%clk 1:19:46]} exf5 {[%clk 0:47:59]} 18. Bxe4
{[%clk 1:16:34]} dxe4 {[%clk 0:47:45]} 19. Bf6 {[%clk 1:16:54]} Rf7
{[%clk 0:40:16]} 20. Ng5 {[%clk 1:16:37]} Rd7 {[%clk 0:34:39]} 21. Qe2
{[%clk 1:14:14]} b5 {[%clk 0:16:25]} 22. a4 {[%clk 1:11:12]} Rb8 {[%clk 0:13:26]}
23. axb5 {[%clk 1:08:14]} Rxb5 {[%clk 0:13:56]} 24. Qxc4+ {[%clk 1:08:29]} Rbd5
{[%clk 0:12:51]} 25. e6 {[%clk 1:04:38]} R7d6 {[%clk 0:12:30]} 26. Nf7
{[%clk 1:03:31]} Qxe6 {[%clk 0:10:27]} 27. Rxg7+ {[%clk 1:00:25]} Kf8
{[%clk 0:10:53]} 28. Nxd6 {[%clk 1:00:49]} Qxd6 {[%clk 0:09:38]} 29. Rxh7
{[%clk 0:59:41]} Be6 {[%clk 0:09:46]} 30. Qe2 {[%clk 0:59:45]} Rd3
{[%clk 0:09:06]} 31. Ra6 {[%clk 0:54:41]} Bf7 {[%clk 0:07:24]} 32. Rxf7+
{[%clk 0:49:48]} Kxf7 {[%clk 0:07:35]} 33. Qh5+ {[%clk 0:50:13]} Ke6
{[%clk 0:03:35]} 34. Qe8+ {[%clk 0:48:55]} Kd5 {[%clk 0:03:57]} 35. c4+
{[%clk 0:49:01]} Kc5 {[%clk 0:03:45]} 36. Bd4+ {[%clk 0:48:37]} 1-0

[Event "European Individual Chess Championship 2017"]
[Site "?"]
[Date "2017.06.07"]
[Round "8.90"]
[White "Sychev, Klementy"]
[Black "Ragger, Markus"]
[Result "1-0"]
[BlackElo "2680"]
[WhiteElo "2459"]
[LiveChessVersion "1.4.8"]

1. d4 {[%clk 1:29:59]} Nf6 {[%clk 1:30:55]} 2. c4 {[%clk 1:30:20]} g6
{[%clk 1:31:22]} 3. Nc3 {[%clk 1:30:45]} d5 {[%clk 1:31:47]} 4. Bf4
{[%clk 1:31:09]} Bg7 {[%clk 1:32:04]} 5. e3 {[%clk 1:31:35]} O-O {[%clk 1:32:19]}
6. Rc1 {[%clk 1:32:02]} Be6 {[%clk 1:31:09]} 7. Nf3 {[%clk 1:32:25]} dxc4
{[%clk 1:28:48]} 8. Ng5 {[%clk 1:30:33]} Bd5 {[%clk 1:28:38]} 9. e4
{[%clk 1:30:51]} h6 {[%clk 1:29:00]} 10. exd5 {[%clk 1:31:18]} hxg5
{[%clk 1:29:25]} 11. Bxg5 {[%clk 1:31:44]} Nxd5 {[%clk 1:29:50]} 12. Bxc4
{[%clk 1:32:09]} Nb6 {[%clk 1:30:06]} 13. Bb3 {[%clk 1:32:34]} a5
{[%clk 1:29:55]} 14. Be3 {[%clk 0:50:20]} N8d7 {[%clk 1:10:15]} 15. O-O
{[%clk 0:47:05]} Nf6 {[%clk 1:08:47]} 16. d5 {[%clk 0:41:34]} a4 {[%clk 0:54:20]}
17. Nxa4 {[%clk 0:41:54]} Nbxd5 {[%clk 0:54:28]} 18. Bg5 {[%clk 0:39:50]} c6
{[%clk 0:45:29]} 19. Nc5 {[%clk 0:30:34]} b6 {[%clk 0:42:41]} 20. Nd3
{[%clk 0:30:29]} Qd6 {[%clk 0:35:51]} 21. Re1 {[%clk 0:26:40]} e6
{[%clk 0:33:54]} 22. Qf3 {[%clk 0:22:26]} Nd7 {[%clk 0:29:32]} 23. Bh4
{[%clk 0:20:30]} Rfc8 {[%clk 0:24:55]} 24. Bg3 {[%clk 0:20:31]} Qf8
{[%clk 0:25:17]} 25. h4 {[%clk 0:20:41]} N7f6 {[%clk 0:24:09]} 26. Ne5
{[%clk 0:19:00]} c5 {[%clk 0:23:18]} 27. Nxg6 {[%clk 0:17:14]} fxg6
{[%clk 0:22:23]} 28. Rxe6 {[%clk 0:17:23]} c4 {[%clk 0:20:52]} 29. Rxc4
{[%clk 0:17:44]} Rxc4 {[%clk 0:18:26]} 30. Bxc4 {[%clk 0:18:05]} Rd8
{[%clk 0:17:09]} 31. Be5 {[%clk 0:06:06]} Qf7 {[%clk 0:11:59]} 32. Bxf6
{[%clk 0:03:39]} Nxf6 {[%clk 0:12:27]} 33. Rc6 {[%clk 0:03:18]} Nd5
{[%clk 0:12:44]} 34. Rc8 {[%clk 0:03:01]} Qxf3 {[%clk 0:12:30]} 35. Rxd8+
{[%clk 0:03:25]} Qf8 {[%clk 0:12:58]} 36. Bxd5+ {[%clk 0:03:50]} Kh7
{[%clk 0:13:27]} 37. Rxf8 {[%clk 0:04:10]} Bxf8 {[%clk 0:13:56]} 38. Bc4
{[%clk 0:03:51]} Kg7 {[%clk 0:14:18]} 39. g3 {[%clk 0:04:12]} Kf6
{[%clk 0:14:40]} 40. Kg2 {[%clk 0:34:29]} Bc5 {[%clk 0:45:05]} 41. Bd3
{[%clk 0:34:37]} Bd6 {[%clk 0:45:20]} 42. f4 {[%clk 0:34:05]} Bb4
{[%clk 0:45:35]} 43. g4 {[%clk 0:34:12]} Be1 {[%clk 0:45:59]} 44. g5+
{[%clk 0:34:26]} Kg7 {[%clk 0:46:28]} 45. Kh3 {[%clk 0:34:51]} 1-0

[Event "European Individual Chess Championship 2017"]
[Site "?"]
[Date "2017.06.07"]
[Round "8.91"]
[White "Grinberg, Eyal"]
[Black "Volokitin, Andrei"]
[Result "1-0"]
[BlackElo "2649"]
[WhiteElo "2457"]
[LiveChessVersion "1.4.8"]

1. e4 {[%clk 1:30:56]} c5 {[%clk 1:30:45]} 2. Nf3 {[%clk 1:31:19]} e6
{[%clk 1:31:10]} 3. d4 {[%clk 1:31:31]} cxd4 {[%clk 1:31:33]} 4. Nxd4
{[%clk 1:31:56]} a6 {[%clk 1:31:55]} 5. c4 {[%clk 1:31:41]} Bc5 {[%clk 1:31:38]}
6. Nb3 {[%clk 1:25:44]} Be7 {[%clk 1:31:40]} 7. Nc3 {[%clk 1:25:43]} d6
{[%clk 1:31:50]} 8. Be2 {[%clk 1:24:57]} Nf6 {[%clk 1:31:51]} 9. O-O
{[%clk 1:25:16]} b6 {[%clk 1:29:38]} 10. Be3 {[%clk 1:16:15]} Bb7
{[%clk 1:29:46]} 11. Qd4 {[%clk 1:12:22]} Nbd7 {[%clk 1:26:30]} 12. f3
{[%clk 1:06:36]} O-O {[%clk 1:24:06]} 13. Rfd1 {[%clk 1:00:40]} Qc7
{[%clk 1:19:08]} 14. Rac1 {[%clk 0:56:13]} Rac8 {[%clk 1:14:25]} 15. Qd2
{[%clk 0:48:42]} Qb8 {[%clk 1:13:31]} 16. Qe1 {[%clk 0:44:32]} Rfe8
{[%clk 1:09:26]} 17. Qf2 {[%clk 0:43:08]} Bd8 {[%clk 1:09:08]} 18. Nd2
{[%clk 0:38:10]} Bc7 {[%clk 0:52:33]} 19. Nf1 {[%clk 0:37:38]} Bc6
{[%clk 0:52:28]} 20. b4 {[%clk 0:32:10]} b5 {[%clk 0:47:26]} 21. Rb1
{[%clk 0:25:46]} d5 {[%clk 0:39:22]} 22. exd5 {[%clk 0:21:51]} exd5
{[%clk 0:39:50]} 23. c5 {[%clk 0:19:20]} Ne5 {[%clk 0:39:34]} 24. Bd4
{[%clk 0:18:51]} Re6 {[%clk 0:39:50]} 25. Bd3 {[%clk 0:17:38]} Nxd3
{[%clk 0:37:21]} 26. Rxd3 {[%clk 0:18:07]} Nh5 {[%clk 0:37:43]} 27. Re3
{[%clk 0:13:10]} Nf4 {[%clk 0:35:52]} 28. Ne2 {[%clk 0:12:43]} Rh6
{[%clk 0:32:51]} 29. Nfg3 {[%clk 0:11:27]} Ne6 {[%clk 0:32:37]} 30. Nf5
{[%clk 0:09:04]} Bxh2+ {[%clk 0:32:37]} 31. Kf1 {[%clk 0:09:03]} Bf4
{[%clk 0:21:43]} 32. Nxh6+ {[%clk 0:09:05]} Bxh6 {[%clk 0:22:12]} 33. f4
{[%clk 0:07:34]} a5 {[%clk 0:17:22]} 34. Be5 {[%clk 0:07:03]} Qa8
{[%clk 0:17:23]} 35. Nd4 {[%clk 0:06:09]} axb4 {[%clk 0:16:02]} 36. Nf5
{[%clk 0:06:12]} d4 {[%clk 0:14:58]} 37. Nxh6+ {[%clk 0:05:22]} Kf8
{[%clk 0:15:27]} 38. Bd6+ {[%clk 0:05:04]} Ke8 {[%clk 0:15:56]} 39. Re5
{[%clk 0:05:00]} Qa3 {[%clk 0:08:59]} 40. Rbe1 {[%clk 0:34:03]} Ra8
{[%clk 0:38:37]} 41. Qh4 {[%clk 0:21:28]} 1-0

[Event "European Individual Chess Championship 2017"]
[Site "?"]
[Date "2017.06.07"]
[Round "8.92"]
[White "Bartel, Mateusz"]
[Black "Basso, Pier Luigi"]
[Result "1-0"]
[BlackElo "2447"]
[WhiteElo "2637"]
[LiveChessVersion "1.4.8"]

1. e4 {[%clk 1:30:57]} d5 {[%clk 1:30:55]} 2. exd5 {[%clk 1:31:10]} Qxd5
{[%clk 1:31:10]} 3. Nc3 {[%clk 1:31:07]} Qd6 {[%clk 1:31:34]} 4. d4
{[%clk 1:31:09]} Nf6 {[%clk 1:31:57]} 5. Nb5 {[%clk 1:30:45]} Qd8
{[%clk 1:27:47]} 6. c4 {[%clk 1:28:48]} c6 {[%clk 1:28:11]} 7. Nc3
{[%clk 1:29:13]} g6 {[%clk 1:27:54]} 8. h3 {[%clk 1:28:43]} Bg7 {[%clk 1:28:18]}
9. Nf3 {[%clk 1:29:06]} O-O {[%clk 1:28:42]} 10. Be2 {[%clk 1:27:10]} c5
{[%clk 1:22:49]} 11. Be3 {[%clk 1:17:48]} cxd4 {[%clk 1:20:28]} 12. Nxd4
{[%clk 1:18:09]} Bd7 {[%clk 1:19:26]} 13. O-O {[%clk 1:14:53]} Nc6
{[%clk 1:18:38]} 14. Rc1 {[%clk 1:08:01]} Nxd4 {[%clk 1:16:27]} 15. Bxd4
{[%clk 1:08:28]} Bc6 {[%clk 1:16:50]} 16. b4 {[%clk 1:08:25]} b6 {[%clk 1:05:32]}
17. c5 {[%clk 1:06:50]} Bb7 {[%clk 0:57:46]} 18. Be3 {[%clk 0:45:53]} Qb8
{[%clk 0:51:44]} 19. Bf3 {[%clk 0:43:30]} Rc8 {[%clk 0:49:08]} 20. Bf4
{[%clk 0:32:43]} e5 {[%clk 0:41:53]} 21. Bxb7 {[%clk 0:32:18]} Qxb7
{[%clk 0:42:09]} 22. Bxe5 {[%clk 0:32:42]} bxc5 {[%clk 0:42:36]} 23. bxc5
{[%clk 0:33:04]} Rxc5 {[%clk 0:40:53]} 24. Bxf6 {[%clk 0:29:20]} Bxf6
{[%clk 0:39:03]} 25. Ne4 {[%clk 0:29:44]} Rxc1 {[%clk 0:38:25]} 26. Nxf6+
{[%clk 0:30:04]} Kg7 {[%clk 0:38:53]} 27. Qxc1 {[%clk 0:29:07]} Kxf6
{[%clk 0:39:17]} 28. Qc3+ {[%clk 0:29:34]} Kg5 {[%clk 0:38:33]} 29. Qg7
{[%clk 0:30:01]} Qd5 {[%clk 0:21:37]} 30. Re1 {[%clk 0:27:49]} f6
{[%clk 0:17:33]} 31. f4+ {[%clk 0:27:56]} Kh4 {[%clk 0:16:14]} 32. Qxf6+
{[%clk 0:28:18]} 1-0

[Event "European Individual Chess Championship 2017"]
[Site "?"]
[Date "2017.06.07"]
[Round "8.93"]
[White "Andriasian, Zaven"]
[Black "Minko, Vladimir"]
[Result "1-0"]
[BlackElo "2438"]
[WhiteElo "2622"]
[LiveChessVersion "1.4.8"]

1. e4 {[%clk 1:30:57]} c5 {[%clk 1:30:53]} 2. Nf3 {[%clk 1:31:18]} e6
{[%clk 1:31:12]} 3. d4 {[%clk 1:31:42]} cxd4 {[%clk 1:31:36]} 4. Nxd4
{[%clk 1:32:08]} Nc6 {[%clk 1:31:59]} 5. Nc3 {[%clk 1:32:30]} Qc7
{[%clk 1:32:22]} 6. Be3 {[%clk 1:32:53]} a6 {[%clk 1:32:45]} 7. Qd2
{[%clk 1:33:16]} Nf6 {[%clk 1:29:29]} 8. O-O-O {[%clk 1:33:30]} Bb4
{[%clk 1:27:55]} 9. f3 {[%clk 1:33:52]} Ne7 {[%clk 1:19:28]} 10. Nde2
{[%clk 1:34:16]} b5 {[%clk 1:15:08]} 11. Bf4 {[%clk 1:34:38]} e5 {[%clk 1:09:04]}
12. Bg5 {[%clk 1:35:02]} h5 {[%clk 1:09:31]} 13. h4 {[%clk 1:35:27]} Bb7
{[%clk 1:05:33]} 14. Qd3 {[%clk 1:35:51]} Rc8 {[%clk 0:57:00]} 15. Kb1
{[%clk 1:36:09]} Ba5 {[%clk 0:46:59]} 16. a3 {[%clk 1:35:51]} d5 {[%clk 0:40:48]}
17. Bxf6 {[%clk 1:36:07]} dxe4 {[%clk 0:30:55]} 18. Nxe4 {[%clk 1:33:25]} Bxe4
{[%clk 0:31:19]} 19. fxe4 {[%clk 1:27:02]} gxf6 {[%clk 0:31:43]} 20. Ng3
{[%clk 1:27:13]} Ng6 {[%clk 0:29:36]} 21. Qb3 {[%clk 1:22:06]} Kf8
{[%clk 0:26:27]} 22. Nf5 {[%clk 1:20:21]} Nf4 {[%clk 0:26:06]} 23. a4
{[%clk 1:10:57]} Rb8 {[%clk 0:21:44]} 24. axb5 {[%clk 1:09:15]} axb5
{[%clk 0:20:58]} 25. Bxb5 {[%clk 1:08:11]} Qc5 {[%clk 0:21:01]} 26. Rd7
{[%clk 1:05:12]} Ne6 {[%clk 0:20:25]} 27. Rd5 {[%clk 0:59:46]} Qb4
{[%clk 0:18:27]} 28. Bc4 {[%clk 0:57:59]} Rc8 {[%clk 0:15:02]} 29. Qxb4+
{[%clk 0:48:00]} Bxb4 {[%clk 0:15:25]} 30. Bb3 {[%clk 0:47:24]} Rg8
{[%clk 0:13:07]} 31. g3 {[%clk 0:41:34]} Rg4 {[%clk 0:10:42]} 32. c3
{[%clk 0:36:41]} Bc5 {[%clk 0:09:29]} 33. Re1 {[%clk 0:35:03]} Bf2
{[%clk 0:08:24]} 34. Rf1 {[%clk 0:35:10]} Bc5 {[%clk 0:05:19]} 35. Rd7
{[%clk 0:27:11]} Rxe4 {[%clk 0:00:33]} 36. Bxe6 {[%clk 0:23:32]} fxe6
{[%clk 0:00:59]} 37. Nd6 {[%clk 0:23:54]} Bxd6 {[%clk 0:01:11]} 38. Rxf6+
{[%clk 0:24:20]} Kg8 {[%clk 0:00:32]} 39. Rxd6 {[%clk 0:23:48]} 1-0

[Event "European Individual Chess Championship 2017"]
[Site "?"]
[Date "2017.06.07"]
[Round "8.94"]
[White "Erdogdu, Mert"]
[Black "Vocaturo, Daniele"]
[Result "0-1"]
[BlackElo "2604"]
[WhiteElo "2448"]
[LiveChessVersion "1.4.8"]

1. c4 {[%clk 1:26:48]} e5 {[%clk 1:30:16]} 2. Nc3 {[%clk 1:27:08]} Nc6
{[%clk 1:30:13]} 3. g3 {[%clk 1:27:20]} f5 {[%clk 1:30:00]} 4. Bg2
{[%clk 1:27:15]} Nf6 {[%clk 1:30:08]} 5. d3 {[%clk 1:26:03]} Bb4 {[%clk 1:24:54]}
6. Bd2 {[%clk 1:26:14]} O-O {[%clk 1:24:24]} 7. a3 {[%clk 1:26:22]} Bxc3
{[%clk 1:23:51]} 8. Bxc3 {[%clk 1:26:45]} d6 {[%clk 1:24:05]} 9. f4
{[%clk 1:27:07]} Qe8 {[%clk 1:14:06]} 10. Nh3 {[%clk 1:11:37]} Ng4
{[%clk 1:08:40]} 11. Bxc6 {[%clk 0:51:39]} Qxc6 {[%clk 1:07:48]} 12. Kd2
{[%clk 0:52:03]} Bd7 {[%clk 1:00:22]} 13. Qg1 {[%clk 0:49:10]} b5
{[%clk 0:58:41]} 14. Ng5 {[%clk 0:41:24]} bxc4 {[%clk 0:52:39]} 15. h3
{[%clk 0:41:41]} Nf6 {[%clk 0:52:03]} 16. fxe5 {[%clk 0:40:29]} dxe5
{[%clk 0:52:10]} 17. Nf3 {[%clk 0:38:25]} cxd3 {[%clk 0:50:29]} 18. Nxe5
{[%clk 0:37:24]} Ne4+ {[%clk 0:49:06]} 19. Ke1 {[%clk 0:37:16]} Qd6
{[%clk 0:31:46]} 20. Nxd3 {[%clk 0:36:12]} Rfe8 {[%clk 0:30:49]} 21. Bb4
{[%clk 0:32:24]} Qxg3+ {[%clk 0:22:09]} 22. Qxg3 {[%clk 0:32:19]} Nxg3
{[%clk 0:22:37]} 23. Rh2 {[%clk 0:32:30]} Bb5 {[%clk 0:21:36]} 24. Rd1
{[%clk 0:28:52]} Rad8 {[%clk 0:21:47]} 25. Nc1 {[%clk 0:28:05]} Ne4
{[%clk 0:21:03]} 26. Rxd8 {[%clk 0:24:43]} Rxd8 {[%clk 0:21:29]} 27. Nb3
{[%clk 0:24:52]} Rd5 {[%clk 0:19:30]} 28. Nd2 {[%clk 0:24:27]} Ng3
{[%clk 0:19:08]} 29. Bc3 {[%clk 0:19:21]} f4 {[%clk 0:18:57]} 30. Rf2
{[%clk 0:10:12]} Rh5 {[%clk 0:17:51]} 31. a4 {[%clk 0:08:15]} Ba6
{[%clk 0:16:02]} 32. Rxf4 {[%clk 0:08:02]} Nxe2 {[%clk 0:16:26]} 33. Rf3
{[%clk 0:08:20]} Nxc3 {[%clk 0:15:52]} 34. Rxc3 {[%clk 0:08:43]} c5
{[%clk 0:15:22]} 35. Kf2 {[%clk 0:07:54]} Re5 {[%clk 0:13:35]} 36. Nb3
{[%clk 0:04:35]} c4 {[%clk 0:12:08]} 37. Nd2 {[%clk 0:03:46]} Ra5
{[%clk 0:12:02]} 38. Nxc4 {[%clk 0:03:32]} Rxa4 {[%clk 0:12:30]} 39. b3
{[%clk 0:02:00]} Ra1 {[%clk 0:12:32]} 40. Ne5 {[%clk 0:32:07]} h6
{[%clk 0:42:00]} 41. h4 {[%clk 0:27:43]} Bb5 {[%clk 0:36:37]} 42. Kg2
{[%clk 0:23:28]} Kh7 {[%clk 0:34:43]} 43. Kg3 {[%clk 0:22:08]} a6
{[%clk 0:32:57]} 44. Re3 {[%clk 0:20:01]} Rd1 {[%clk 0:31:54]} 45. Re4
{[%clk 0:19:21]} Rd2 {[%clk 0:28:16]} 46. Kf3 {[%clk 0:18:28]} Bf1
{[%clk 0:26:11]} 47. Re1 {[%clk 0:16:48]} Bg2+ {[%clk 0:24:07]} 48. Kg3
{[%clk 0:16:00]} Bd5 {[%clk 0:23:48]} 49. Re3 {[%clk 0:15:02]} Rd4
{[%clk 0:22:45]} 50. Rc3 {[%clk 0:12:55]} Rb4 {[%clk 0:22:19]} 51. Nc4
{[%clk 0:11:50]} Kg6 {[%clk 0:21:20]} 52. Nd2 {[%clk 0:05:55]} Kf6
{[%clk 0:18:28]} 53. Re3 {[%clk 0:05:28]} Kf5 {[%clk 0:15:13]} 54. Rc3
{[%clk 0:03:34]} h5 {[%clk 0:08:20]} 55. Rc5 {[%clk 0:03:03]} Rg4+
{[%clk 0:07:38]} 56. Kh3 {[%clk 0:02:22]} Rd4 {[%clk 0:07:53]} 57. Nf1
{[%clk 0:01:08]} Kf4 {[%clk 0:06:38]} 58. Rc3 {[%clk 0:00:59]} Rd1
{[%clk 0:04:24]} 59. Ng3 {[%clk 0:01:22]} Be6+ {[%clk 0:03:46]} 60. Kg2
{[%clk 0:01:23]} Kg4 {[%clk 0:03:24]} 61. Kf2 {[%clk 0:00:45]} Rb1
{[%clk 0:03:07]} 62. Re3 {[%clk 0:00:44]} Rb2+ {[%clk 0:02:25]} 63. Ne2
{[%clk 0:00:59]} Bf5 {[%clk 0:01:58]} 64. Kg1 {[%clk 0:00:39]} Kxh4
{[%clk 0:02:14]} 65. Nd4 {[%clk 0:01:03]} Bg4 {[%clk 0:02:21]} 66. Re7
{[%clk 0:00:37]} Rd2 {[%clk 0:01:50]} 67. Nc6 {[%clk 0:00:44]} Kg3
{[%clk 0:01:56]} 0-1

[Event "European Individual Chess Championship 2017"]
[Site "?"]
[Date "2017.06.07"]
[Round "8.95"]
[White "Bogdanovich, Stanislav"]
[Black "Kessler, Luca"]
[Result "1-0"]
[BlackElo "2431"]
[WhiteElo "2596"]
[LiveChessVersion "1.4.8"]

1. Nc3 e5 2. Nf3 Nc6 3. d4 exd4 4. Nxd4 Bc5 5. Be3 Nxd4 6. Bxd4 Bxd4 7. Qxd4 Nf6
8. e4 d6 9. O-O-O O-O 10. e5 Ne8 11. f4 Be6 12. Bd3 Qh4 13. g3 Qh3 14. Ne4 dxe5
15. Qxe5 f6 16. Qc5 c6 17. Rhe1 Bd5 18. Nc3 Bf7 19. Re7 Qxh2 20. Rxb7 Qxg3 21.
Bxh7+ Kxh7 22. Qxf8 Qxf4+ 23. Kb1 1-0